|
|
|
|
| LEADER |
00000cam a2200000 a 4500 |
| 001 |
vtls001410964 |
| 003 |
SK-MaSNL |
| 005 |
20260425222335.0 |
| 008 |
240314s2000 xo a r 00000 slo |
| 015 |
|
|
|a SNBI2001/04-02724
|
| 020 |
|
|
|a 8096835653
|
| 035 |
|
|
|a SNK000365664
|
| 040 |
|
|
|a SNK
|b slo
|c SNK
|e AACR2
|
| 041 |
0 |
|
|a slo
|
| 044 |
|
|
|a xo
|c SK
|
| 080 |
|
|
|a 342.72/.73:659.2:352/354(437.6)(094.5)(083.133)
|2 1981
|
| 080 |
|
|
|a 659.2
|2 1981
|
| 080 |
|
|
|a 352/354
|2 1981
|
| 100 |
1 |
|
|a Sotolář, Jozef,
|d 1961-
|4 aut
|9 226954
|
| 245 |
1 |
0 |
|a Právo na informácie a obec
|b (prístup k informáciám v komunálnom práve)
|c Jozef Sotolář
|
| 260 |
|
|
|a Košice
|b Sotac
|c 2000
|
| 300 |
|
|
|a 107 s.
|b tab.
|c 20 cm
|
| 650 |
0 |
7 |
|a právo na informácie
|2 SNK
|9 2169
|
| 650 |
0 |
7 |
|a komunálne právo
|2 SNK
|9 297442
|
| 650 |
0 |
7 |
|a miestna správa
|2 SNK
|9 29496
|
| 650 |
0 |
7 |
|a obce
|2 SNK
|9 2935
|
| 651 |
|
7 |
|a Slovensko
|2 SNK
|9 14231
|
| 655 |
|
7 |
|a príručky
|2 SNK
|9 74364
|
| 919 |
|
|
|a 80-968356-5-3
|
| 958 |
|
|
|a TL
|
| 999 |
|
|
|c 553539
|d 555469
|
| 952 |
|
|
|t P60, <03>, [BOOK], {603}
|a SNK
|b SNK
|y PREZ
|7 0
|p 17A0295249
|o snkSD 71478
|i snkKSP 4967/2001
|0 0
|1 0
|4 0
|d 2001-04-09
|l 0
|r 2005-01-02 00:00:00
|w 2026-02-23
|
| 952 |
|
|
|t P60, <04>, [BOOK], {604}
|a SNK
|b SNK
|y VYP
|7 0
|p 17A0295250
|o snkSD 71478 D1
|i snkKSP 4968/2001
|0 0
|1 0
|4 0
|d 2001-04-09
|l 0
|r 2005-01-02 00:00:00
|w 2026-02-23
|